| 000 | 00701nam a2200169Ia 4500 | ||
|---|---|---|---|
| 008 | 220216s9999 xx 000 0 und d | ||
| 100 | _aMohanakumar S. | ||
| 245 | 0 | _aForeign trade of rubber products in India (1971-72 to 1992-93): An exploratory analysis | |
| 260 |
_bPlacrosym XI, 1994, Calicut, India. Journal of Plantation Crops, 24(Supplement)(Eds. K.V. Peter, Y.R. Sarma, V. Rajagopal, K.V. Ramana, S. Devasahayam and K.S. Krishnamurthy). Indian Society for Plantation Crops, Kasaragod, India, pp. 832-839. _c1996 |
||
| 650 | _aExport | ||
| 650 | _aForeign trade | ||
| 650 | _aImport | ||
| 650 | _aRubber product industry | ||
| 700 | _aGeorge K.T. | ||
| 700 | _aJoseph T.[a] | ||
| 942 | _cBS | ||
| 999 |
_c52686 _d52686 |
||